LEADER 01181nam a2200265 i 4500 001 000000037964 003 CaOOAMICUS 005 20080822000000.0 008 080822s1992 it u000 u ita u 013 $a8360 020 $a88-384-1766-0 040 $aSeMil$bita 100 1 $aGilbert, Paul,$c.$0(OLS)http://semarc/name/10657 240 13$aLa simplicité du principe.$0(OLS)http://semarc/title/53389 245 13$aLa semplicità del principio :$bintroduzione alla metafisica /$cPaul P. Gilbert ; [trad. italiana di Maria Teresa La Vecchia]. 260 $aCasale Monferrato :$bPiemme,$c1992. 300 $a383 p. ;$c23 cm. 650 4$aMetafisica.$0(OLS)http://semarc/subject/188 700 1 $aLa Vecchia, Maria Teresa <1952->.$0(OLS)http://semarc/name/10656 850 $aSeMil 852 $aSeMil$W1$xVenegono$y1$m2P II 426$j4119$B4119$CSeMilBibl$Z2$F4119 $81 961 $aOmaggio: Scuola Cattolica 996 $6020$a88-384-1766-0$9(OLS)http://semarc/number/7098 996 $6245$aLa semplicità del principio :$bintroduzione alla metafisica$9(OLS)http://semarc/title/53388 996 $6260$aCasale Monferrato :$bPiemme$9(OLS)http://semarc/publisher/29798 LEADER 01282nam a2200253 i 4500 001 000000182282 003 CaOOAMICUS 005 20091019000000.0 008 091019s1954 be u000 u fre u 013 $a160221 040 $aSeMil$bita 100 1 $aHonigmann, Ernest.$0(OLS)http://semarc/name/40557 245 13$aLe couvent de Barsauma et le patriarcat Jacobite d'Antioche et de Syrie /$cPar Ernest Honigmann. 260 $aLouvain :$bImprimerie Orientaliste,$c1954. 300 $aXXVII, 216 p., [2] c. geog. ripieg. ;$c25 cm. 490 0 $aCorpus Scriptorum Christianorum Orientalium ;$vVol.146. , Subsidia ; Tome 7 490 0 $aCorpus Scriptorum Christianorum Orientalium. Subsidia ;$vTome7 830 0$aCorpus Scriptorum Christianorum Orientalium ;$vVol.146. , Subsidia ; Tome 7.$0(OLS)http://semarc/title/77 830 0$aCorpus Scriptorum Christianorum Orientalium. Subsidia ;$vTome7.$0(OLS)http://semarc/title/9539 850 $aSeMil 852 $aSeMil$W1$xVenegono$y1$m2S III 146$j132986$B132986$CSeMilBibl$Z2$F144765 $81 961 $aOmaggio: Altro 996 $6245$aLe couvent de Barsauma et le patriarcat Jacobite d'Antioche et de Syrie$9(OLS)http://semarc/title/261583 996 $6260$aLouvain :$bImprimerie Orientaliste$9(OLS)http://semarc/publisher/35644 LEADER 00921nam a2200241 i 4500 001 000000206906 003 CaOOAMICUS 005 20111017000000.0 008 111017s1945 it u000 u ita u 013 $a185680 040 $aSeMil$bita 100 1 $aGiolitti, Giovanni <1842-1928>.$0(OLS)http://semarc/name/11453 245 10$aMemorie della mia vita /$cGiovanni Giolitti. 250 $a3. ed. 260 $a[Milano] :$bGarzanti,$cstampa 1945. 300 $aXXXV, 627 p. ;$c22 cm. 490 0 $aMemorie e documenti 600 14$aGiolitti, Giovanni <1842-1928>.$0(OLS)http://semarc/subject/13623 830 0$aMemorie e documenti.$0(OLS)http://semarc/title/7193 850 $aSeMil 852 $aSeMil$W1$xVenegono$y1$m3U III 40$j157369$B157369$CSeMilBibl$Z2$F168675 $81 996 $6245$aMemorie della mia vita$9(OLS)http://semarc/title/234141 996 $6260$a[Milano] :$bGarzanti$9(OLS)http://semarc/publisher/31829